| 000 | 00607cam a2200217 a 4500 | ||
|---|---|---|---|
| 001 | 1070372 | ||
| 005 | 20180130041512.0 | ||
| 008 | 910611s1991 nyua 001 0 eng | ||
| 010 | _a 91022275 | ||
| 020 | _a089577397X | ||
| 040 |
_aDLC _cDLC _dDLC |
||
| 041 | _aeng | ||
| 080 | _a001.942 WIL | ||
| 082 | 0 | 0 |
_a001.942 WIL _220 |
| 100 | _a42 | ||
| 101 | _aAST | ||
| 245 | 0 | 0 | _aUFO--the continuing enigma. |
| 906 |
_a7 _bcbc _corignew _d1 _eocip _f19 _gy-gencatlg |
||
| 942 |
_2ddc _cBK |
||
| 999 |
_c41249 _d41249 |
||